Top 15 Countries with Most Tourists per Capita - Statistics

General Stats
  • This quiz has been taken 57 times
  • The average score is 7 of 15
Answer Stats
Rank Country % Correct
3 Monaco
82%
1 Andorra
71%
8 Bahamas
71%
6 Malta
71%
10 Iceland
61%
11 Maldives
57%
12 Austria
49%
7 Hong Kong
45%
15 Antigua & Barbuda
37%
4 Bahrain
37%
5 Palau
33%
14 Croatia
31%
9 Bermuda
10%
2 Aruba
8%
13 Curaçao
6%
No matching quizzes found
Score Distribution
Percent of People with Each Score
Percentile by Number Answered
Your Score History
You have not taken this quiz